000 00498nam a22001577a 4500
008 151030b xxu||||| |||| 00| 0 eng d
020 _a0849908396
050 _aSPE RC 81 .F2352 1996
100 _aKelly B Robert
_d1996
245 _aFamily Health & Medical Guide/
_cRobert B. Kelly
260 _aLondon,
_bWord Publishing,
_c1996
300 _av,678p.:ill;
_bincludes index
_c28cm.
650 _aHealth
700 _aGregg Albers
942 _2lcc
_cBOOKS
_hSPE RC 81 .F2352 1996
999 _c9679
_d9679